000
00286nam a22001337a 4500
008
170727b xxu||||| |||| 00| 0 eng d
020
_a
025211443002
041
_a
eng
080
_a
004
100
_a
29
101
_a
SHKI
245
_a
FINAL CUT PRO 4
_c
TEAGUE, J.C
942
_2
udc
_c
BK
999
_c
22014
_d
22014